Biblioteca

Mi primer libro de palabras, ilustraciones : Lena Shiffman (Registro nro. 47368)

Detalles MARC
000 -LÍDER
Campo fijo de descripción fija 004270000a22001570004500
020 ## - NÚMERO INTERNACIONAL NORMALIZADO PARA LIBROS
Número Internacional Normalizado del libro 0-590-46028-5
082 04 - NÚMERO DE CLASIFICACIÓN DECIMAL DEWEY
Número de clasificación B Sh614p
001 - NÚMERO DE CONTROL
Campo de control 110
245 10 - TÍTULO
Título del Material Mi primer libro de palabras, ilustraciones : Lena Shiffman
260 ## - PUBLICACIÓN, DISTRIBUCIÓN, ETC. (PIE DE IMPRENTA)
Lugar de publicación, distribución, etc. Broadway : Scholastic
300 ## - DESCRIPCIÓN FÍSICA
Extensión 62 P.
500 ## - NOTA GENERAL
Nota General Categoria hasta los 5 años
505 00 - NOTA DE CONTENIDO
Nota de contenido con formato preestablecido Mil palabras para la vida cotidiana de los niños
650 14 - ASIENTO SECUNDARIO DE MATERIA - TERMINO TEMÁTICO
Término temático o nombre geográfico como elemento de entrada Literatura Infantil
942 ## - TIPO DE MATERIAL (KOHA)
Tipo de Item KOHA Z- Libro General BINCO
Existencias
Estado de Material Estado de Perdido Volumen-Parte/Tomo Estado de Dañado No para Préstamo Tomo Biblioteca de Origen Biblioteca Permanente Fecha de Adquisición Total de Préstamos Signatura Topográfica Código de Barras Última vez visto Ejemplar/Existencia Fecha de Remplazo Tipo de Material Última vez Préstado
            Biblioteca Infantil Comunitaria BINCO Biblioteca Infantil Comunitaria BINCO 11/02/2006   B Sh614p B30585 24/11/2016 1 26/01/2016 Z- Libro General BINCO  
            Biblioteca Infantil Comunitaria BINCO Biblioteca Infantil Comunitaria BINCO 02/05/2006 1 B Sh614p B30586 18/06/2019 2 26/01/2016 Z- Libro General BINCO 11/06/2019

Biblioteca FUSBC | Teléfono: (57+4) 349 88 10 Ext. 141| WhatsApp (+57) 3005338115 
E-mail: biblioteca@unisbc.edu.co | Calle 76 87-14 Robledo Palenque, Medellín, Colombia

Con tecnología Koha